000 01681cam a22004574i 4500
003 PE-LiUPU
005 20250731172855.0
008 160822s2013 sp a rb 000 0 spa d
020 _a8428541973
020 _a9788428541978
035 _a(Sirsi) a163086
040 _aPE-LiUPU
_bspa
_cPE-LiUPU
_erda
049 _aPRUA
082 0 4 _a268.432
_bL83
_220
100 1 _aLópez Romero, María Ángeles,
_eautor.
245 1 0 _aMamá, ¿Dios es verde? :
_b cómo responder a los niños con palabras de hoy /
_cÁngeles López Romero.
264 1 _aMadrid :
_bSan Pablo;
_c2013.
300 _a154 páginas :
_bilustraciones ;
_c23 centímetros.
336 _atext
_2rdacontent
337 _aunmediated
_2rdamedia
338 _avolume
_2rdacarrier
490 0 _aReligión y educación
504 _aBibliografía : páginas 153-154.
505 0 _aPalabra de Miguel -- Súper Dios -- Tres mejor que uno -- Jesús es el mejor -- Color carne -- La duda es el coco -- Abre la panadería -- Los apellidos de Dios -- Esto es crecer -- Una petición de perdón con propósito de enmienda a modo de epílogo.
526 _aSEG42
526 _aSEG41
526 _aSEG40
526 _aSEG39
526 _aP94
526 _aP87
526 _aP86
526 _aP85
526 _aP77
526 _aP76
526 _aP35
910 _ajck
_bncf
_cncf
_d20160822
596 _a1
942 _2ddc
_cBOOK
999 _a268.432 L83
_wDEWEY
_c11994
_i69509
_d11994
_e2016-10-18
_f2021-11-10
_g5
_lCCODEBUL1
_mBUL
_n2
_p24.75
_r0
_sY
_tBOOK
_u2016-8-22
_xTEOLOGIA
_PP35
_0COMPRA
_o.STAFF. Colección Teología
980 _81
_gALBERTO SANCHEZ Responsable de Automatización